| 000 | 00704nam a22002297a 4500 | ||
|---|---|---|---|
| 003 | 00 | ||
| 005 | 20170712155728.0 | ||
| 008 | 170712b xxu||||| |||| 00| 0 eng d | ||
| 020 | _a978-2-8041-9417-8 | ||
| 022 | _a0777-5245 | ||
| 040 |
_aBUAC _bFre _cBUC |
||
| 100 | _aPaivandi, Saeed | ||
| 245 |
_aApprendre à l'université _c/ par Saeed Paivandi |
||
| 260 |
_aBruxelles : _bDe Boeck, _c2015 |
||
| 300 |
_a255 p. _bcouv. ill. en coul. ; _c24 cm. |
||
| 440 | _a(Collection Pédagogies en développement / par Jean-Marie De Ketele) | ||
| 500 | _aComprend index | ||
| 630 | _aSCIENCES SOCIALES | ||
| 650 | _aUniversité : étude | ||
| 653 | _aEnseignement supérieur et étudiant | ||
| 942 | _cLBA | ||
| 999 |
_c56616 _d56616 |
||